| 000 | 00513cas a22001815a 4500 | ||
|---|---|---|---|
| 001 | L138729 | ||
| 008 | 070705d19792006xxkqr p 0 a0eng u | ||
| 035 | _a(Sirsi) u138729 | ||
| 041 | 0 | _aeng | |
| 245 | 0 | 0 | _aMineral Planning |
| 260 |
_aNorthallerton _bMineral Planning _c1979-2006 |
||
| 362 | 0 | _aMarch 1981-(108) September 2006 | |
| 554 | _aFour per year | ||
| 651 | 4 |
_aUnited Kingdom _y |
|
| 690 | _aPROPERTY-RURAL AND NATURAL ASSETS-MINERAL RESOURCES | ||
| 785 | 0 | 0 |
_tWaste Planning _x0965-3147 |
| 942 | _n0 | ||
| 999 |
_c119018 _d119018 |
||